LEADER 00901nam0-22003131i-450- 001 990000953740403321 035 $a000095374 035 $aFED01000095374 035 $a(Aleph)000095374FED01 035 $a000095374 100 $a20000920d1970----km-y0itay50------ba 101 0 $aeng 200 1 $aComputer Techniques in Image Processing$fHarry C. Andrews$gwith contributions by William K. Pratt and Kenneth Caspari 210 $aNew York$cAcademic Press$d1970 610 0 $aOttica 610 0 $aOttica elettronica 676 $a535 676 $a537.56 700 1$aAndrews,$bHarry C.$044357 702 1$aCaspari,$bKenneth 702 1$aPratt,$bWilliam K. 801 0$aIT$bUNINA$gRICA$2UNIMARC 901 $aBK 912 $a990000953740403321 952 $a27-059$b7457$fFI1 959 $aFI1 996 $aComputer Techniques in Image Processing$9357945 997 $aUNINA DB $aING01 LEADER 01063nam0-2200349---450- 001 990008365420403321 005 20060714112619.0 010 $a88-498-0778-3 035 $a000836542 035 $aFED01000836542 035 $a(Aleph)000836542FED01 035 $a000836542 100 $a20060714d2003----km-y0itay50------ba 101 0 $aita 102 $aIT 105 $a--------001cy 200 1 $aInterviste e questionari nella ricerca sociale applicata$fChito Guala 210 $aSoveria Mannelli (Catanzaro)$cRubbettino$d©2003 215 $a72 p.$cfig.$d22 cm 225 1 $aUniversitą$iQuaderni di scienza, tecnologia e societą$v18 610 0 $aScienze sociali$aRicerca$aMetodologia 610 0 $aIntervista 676 $a300.72$v21$zita 676 $a300.723$v21$zita 700 1$aGuala,$bChito$0117635 801 0$aIT$bUNINA$gRICA$2UNIMARC 901 $aBK 912 $a990008365420403321 952 $a300.72 GUA 4$b3263$fBFS 959 $aBFS 996 $aInterviste e questionari nella ricerca sociale applicata$9722507 997 $aUNINA LEADER 01381nam a2200361 i 4500 001 991001408729707536 005 20020507192931.0 008 970709s1971 de ||| | eng 020 $a3540053778 035 $ab10843541-39ule_inst 035 $aLE01311833$9ExL 040 $aDip.to Matematica$beng 082 0 $a511.3 084 $a510.65 084 $a621.3.8 084 $aAMS 03-06 100 1 $aEngeler, Erwin$046589 245 10$aSymposium on semantics of algorithmic languages /$cedited by E. Engeler 260 $aBerlin ; New York :$bSpringer-Verlag,$c1971 300 $a372 p. ;$c26 cm 490 0 $aLecture notes in mathematics,$x0075-8434 ;$v188 500 $a"A write-in symposium." 500 $aBibliography: p. [367]-372 650 0$aComputer algorithms$xCongresses 650 0$aFormal languages$xCongresses 650 0$aProgramming languages-semantics$xCongresses 907 $a.b10843541$b23-02-17$c28-06-02 912 $a991001408729707536 945 $aLE013 03-XX ENG11 (1971)$g1$i2013000089041$lle013$o-$pE0.00$q-$rl$s- $t0$u0$v0$w0$x0$y.i10953747$z28-06-02 945 $aLE006 510.62+510.65 ENG$g1$i2006000010856$lle006$o-$pE0.00$q-$rl$s- $t0$u0$v0$w0$x0$y.i10246034$z27-06-02 996 $aSymposium on Semantics of Algorithmic Languages$9353798 997 $aUNISALENTO 998 $ale013$ale006$b01-01-97$cm$da $e-$feng$gde $h0$i1